A Practical Guide for Medical Teachers (Record no. 18565)
[ view plain ]
| 000 -LEADER | |
|---|---|
| fixed length control field | 00357nam a22001217a 4500 |
| 008 - FIXED-LENGTH DATA ELEMENTS--GENERAL INFORMATION | |
| fixed length control field | 201019b xxu||||| |||| 00| 0 eng d |
| 020 ## - INTERNATIONAL STANDARD BOOK NUMBER | |
| International Standard Book Number | 0702068911 |
| 050 ## - LIBRARY OF CONGRESS CALL NUMBER | |
| Classification number | R735 |
| Item number | .P73 2017 c.1 |
| 245 ## - TITLE STATEMENT | |
| Title | A Practical Guide for Medical Teachers |
| Statement of responsibility, etc. | Edited by John A. Dent, Ronald M. Harden & Dan Hunt |
| 250 ## - EDITION STATEMENT | |
| Edition statement | 5th ed. |
| 300 ## - PHYSICAL DESCRIPTION | |
| Extent | xviii, 405p. |
| 942 ## - ADDED ENTRY ELEMENTS (KOHA) | |
| Source of classification or shelving scheme | Library of Congress Classification |
| Koha item type | General Collection |
| Withdrawn status | Lost status | Source of classification or shelving scheme | Not for loan | Home library | Current library | Date acquired | Cost, normal purchase price | Total Checkouts | Total Renewals | Full call number | Barcode | Date last seen | Date last checked out | Price effective from | Koha item type |
|---|---|---|---|---|---|---|---|---|---|---|---|---|---|---|---|
| Library of Congress Classification | Kabarak, Main Campus | Kabarak, Main Campus | 19/10/2020 | 5749.00 | 4 | 1 | R735 .P73 2017 c.1 | 030116 | 15/05/2026 | 15/05/2026 | 19/10/2020 | General Collection | |||
| Library of Congress Classification | Kabarak, Main Campus | Kabarak, Main Campus | 19/10/2020 | 5749.00 | R735 .P73 2017 c.2 | 030117 | 19/10/2020 | 19/10/2020 | General Collection | ||||||
| Library of Congress Classification | Kabarak, Main Campus | Kabarak, Main Campus | 19/10/2020 | 5749.00 | R735 .P73 2017 c.3 | 030118 | 19/10/2020 | 19/10/2020 | General Collection |